000
00340nam a2200145Ia 4500
008
191201s2008 xx 000 0 und d
082
_a
005.8
_b
PFS
100
_a
PFLEEGER, Charles P.
245
0
_a
Security in Computing
250
_a
Imp.
260
_a
N.Delhi
_b
Pearson
_c
2008
300
_a
875
650
_a
B.Tech(CSE)
942
_2
ddc
_c
BK
999
_c
3954
_d
3954